| 000 | 00603 a2200157 4500 | ||
|---|---|---|---|
| 999 |
_c6491 _d6491 |
||
| 020 | _a0838907245 (alk. paper) | ||
| 050 | 0 | 0 | _aZ678.88GOR1960 |
| 100 | 1 |
_aGorman, Michael, _d1941- |
|
| 245 | 1 | 0 |
_aOur singular strengths : _bmeditations for librarians / _cMichael Gorman ; decorations by Emma Gorman. |
| 264 |
_aNew York: _bAmerican Library Association, _c1960 |
||
| 300 | _axv, 196 p. : | ||
| 500 | _anovel | ||
| 650 | 0 | _aLibrary science | |
| 942 |
_2lcc _cBK _h678.88 _iGOR _kZ |
||